000 00439nam a2200157Ia 4500
008 240729s9999 xx 000 0 und d
022 _a2304-2478
245 0 _aPure and Applied Biology
260 _aPakistan
260 _bBolan Society for Pure and Applied Biology (BSPAB)
650 _a Biology (General)
650 _aScience
856 _uhttps://doaj.org/toc/76399fdae69640fbbc3a5b0a28fe2765
942 _2ddc
942 _cDOAJEJ
999 _c66621
_d66621
945 _a1
_bMadushi Gamage
_c1
_dMadushi Gamage